Département à l'aide des numéros voisins - Aléatoire - Statistiques

Statistiques générales
  • Ce quiz a été pris 106 fois
  • Le résultat moyen est 10 sur 12
Statistiques - réponses
Indice Département % Correct
38, 39, 69, 71, 73, 74 Ain
100%
08, 51, 59, 60, 77, 80 Aisne
100%
2B Corse-du-Sud
100%
39, 70, 90 Doubs
100%
04, 05, 07, 38, 84 Drôme
100%
14, 28, 60, 61, 76, 78, 95 Eure
100%
2A Haute-Corse
100%
67, 88, 90 Haut-Rhin
100%
75, 78, 91, 93, 94, 95 Hauts-de-Seine
100%
36, 41, 49, 72, 86 Indre-et-Loire
100%
03, 07, 38, 43, 63, 69, 71 Loire
100%
18, 28, 41, 58, 77, 89, 91 Loiret
100%
54, 67 Moselle
100%
02, 62, 80 Nord
100%
92, 93, 94 Paris
100%
59, 80 Pas-de-Calais
100%
01, 38, 42, 71 Rhône
100%
02, 59, 60, 62, 76 Somme
100%
75, 77, 92, 91, 93 Val-de-Marne
100%
52, 54, 55, 67, 68, 70, 90 Vosges
100%
55, 57, 67, 88 Meurthe-et-Moselle
93%
01, 21, 25, 70, 71 Jura
92%
27, 60, 80 Seine-Maritime
92%
09, 31, 34, 66, 81 Aude
91%
01, 73 Haute-Savoie
90%
02, 08, 10, 52, 55, 77 Marne
90%
02, 27, 76, 77, 80, 95 Oise
90%
09, 11 Pyrénées-Orientales
90%
17, 44, 49, 79 Vendée
90%
21, 51, 52, 77, 89 Aube
89%
15, 23, 24, 46, 63, 87 Corrèze
89%
01, 05, 38, 74 Savoie
89%
02, 10, 45, 51, 60, 89, 91, 93, 94, 95 Seine-et-Marne
89%
04, 07, 13, 26, 30, 83 Vaucluse
89%
10, 21, 45, 58, 77 Yonne
89%
07, 15, 42, 48, 63 Haute-Loire
88%
04, 26, 38, 73 Hautes-Alpes
88%
21, 25, 39, 52, 88, 90 Haute-Saône
88%
32, 33, 47, 64, 65 Landes
88%
75, 77, 92, 94, 95 Seine-Saint-Denis
88%
04, 83 Alpes-Maritimes
87%
08, 51, 52, 54, 88 Meuse
87%
27, 50, 61 Calvados
86%
29, 35, 56 Côtes-d'Armor
86%
17, 24, 40, 47 Gironde
86%
25, 68, 70, 88 Territoire-de-Belfort
86%
16, 17, 49, 85, 86 Deux-Sèvres
85%
22, 56 Finistère
85%
03, 15, 19, 23, 42, 43 Puy-de-Dôme
85%
02, 51, 55 Ardennes
83%
17, 24, 79, 86, 87 Charente
83%
10, 21, 51, 55, 70, 88 Haute-Marne
83%
35, 37, 44, 53, 72, 79, 85, 86 Maine-et-Loire
83%
28, 37, 41, 49, 53, 61 Sarthe
83%
11, 31, 66 Ariège
82%
54, 57, 68, 88 Bas-Rhin
82%
16, 17, 19, 33, 46, 47, 87 Dordogne
82%
31, 40, 47, 64, 65, 82 Gers
82%
18, 28, 36, 37, 45, 72 Loir-et-Cher
82%
12, 19, 43, 46, 48, 63 Cantal
80%
03, 18, 19, 36, 63, 87 Creuse
80%
07, 12, 13, 34, 48, 84 Gard
80%
35, 49, 50, 61, 72 Mayenne
80%
03, 18, 21, 45, 71, 89 Nièvre
80%
12, 31, 32, 46, 47, 81 Tarn-et-Garonne
80%
31, 32, 64 Hautes-Pyrénées
78%
09, 11, 32, 65, 81, 82 Haute-Garonne
77%
12, 15, 19, 24, 47, 82 Lot
77%
28, 45, 77, 78, 92, 94 Essonne
75%
16, 19, 23, 24, 36, 86 Haute-Vienne
75%
24, 32, 33, 40, 46, 82 Lot-et-Garonne
75%
14, 35, 53, 61 Manche
75%
22, 29, 35, 44 Morbihan
75%
27, 60, 77, 78, 92, 93 Val-d'Oise
75%
10, 39, 52, 58, 70, 71, 89 Côte-d'Or
73%
35, 49, 56, 85 Loire-Atlantique
73%
04, 06, 13, 84 Var
73%
27, 41, 45, 61, 72, 78, 91 Eure-et-Loir
71%
16, 36, 37, 49, 79, 87 Vienne
71%
27, 28, 91, 92, 95 Yvelines
71%
15, 30, 34, 46, 48, 81, 82 Aveyron
69%
18, 23, 42, 58, 63, 71 Allier
67%
05, 06, 26, 83, 84 Alpes-de-Haute-Provence
67%
03, 23, 36, 41, 45, 58 Cher
67%
11, 12, 30, 81 Hérault
67%
22, 44, 49, 50, 53, 56 Ille-et-Vilaine
67%
18, 23, 37, 41, 86, 87 Indre
67%
01, 05, 07, 26, 42, 69, 73 Isère
67%
14, 27, 28, 50, 53, 72 Orne
67%
32, 40, 65 Pyrénées-Atlantiques
67%
11, 12, 31, 34, 82, Tarn
67%
26, 30, 38, 42, 43, 48, 84 Ardèche
63%
16, 24, 33, 79, 85 Charente-Maritime
63%
30, 83, 84 Bouches-du-Rhône
57%
07, 12, 15, 30, 43 Lozère
56%
01, 03, 21, 39, 58, 42, 69 Saône-et-Loire
56%
Aucun quiz correspondant
Distribution des résultats
% des personnes avec chaque résultat
Percentile par nombre de réponses
Votre historique - résultats
Vous n’avez pas pris ce quiz